Missing Word: 'G' in Every Category Quiz Stats

 Plays Quiz Updated May 8, 2016

Score 0/15 Timer 02:00
8 Plays Today
Hint Missing Word % Correct
_____ Balls of FireGreat
96.8%
_____ it a Try, July - BadgeGive
93.5%
David and _____Goliath
92%
Battlestar _____Galactica
90.1%
The Imitation _____Game
88.7%
Procter & _____ Co.Gamble
88.2%
Steffi _____Graf
88.2%
All that _____ is not goldGlitters
86.7%
Hint Missing Word % Correct
_____ Fawkes DayGuy
83%
Charles de _____Gaulle
82.7%
Wallace and _____Gromit
79.8%
_____ Hero III: Legends of RockGuitar
76%
Las Palmas de _____ CanariaGran
56.2%
Galileo _____Galilei
53.6%
_____ García MárquezGabriel
43.6%

Today's Daily Dose

You're not logged in!

Compare scores with friends on all Sporcle quizzes.
OR
Log In

Show Comments

Extras

Top Quizzes Today


Score Distribution

Your Account Isn't Verified!

In order to create a playlist on Sporcle, you need to verify the email address you used during registration. Go to your Sporcle Settings to finish the process.

Report this User

Report this user for behavior that violates our Community Guidelines.

Details: